|
|
|
|
| LEADER |
02493nam a2200601 i 4500 |
| 001 |
nkc20203222478 |
| 003 |
CZ PrNK |
| 005 |
20210426110742.0 |
| 007 |
ta |
| 008 |
200608s2020 xr ab f m 000 0 eng |
| 015 |
|
|
|a cnb003222478
|
| 020 |
|
|
|a 978-80-248-4397-1
|q (brožováno) :
|c neprodejné
|
| 035 |
|
|
|a (OCoLC)1245648228
|
| 040 |
|
|
|a OLA001
|b cze
|e rda
|
| 072 |
|
7 |
|a 504
|x Znečištění a poškození životního prostředí
|2 Konspekt
|9 2
|
| 080 |
|
|
|a 504.5:502.3
|2 MRF
|
| 080 |
|
|
|a 519.673
|2 MRF
|
| 080 |
|
|
|a 502.175:574.4/.5
|2 MRF
|
| 080 |
|
|
|a 629.73-519
|2 MRF
|
| 080 |
|
|
|a (043.3)
|2 MRF
|
| 080 |
|
|
|a (048.3)
|2 MRF
|
| 100 |
1 |
|
|a Svozilík, Vladislav
|7 ola20211100126
|4 dis
|
| 245 |
1 |
0 |
|a Verification of mathematical air pollution modelling results by ADMoSS model using UAS measurement and biomonitoring :
|b summary of doctoral thesis /
|c author: Vladislav Svozilík
|
| 246 |
1 |
4 |
|a Summary of doctoral thesis
|
| 250 |
|
|
|a I. edition
|
| 264 |
|
1 |
|a Ostrava :
|b VSB - Technical University of Ostrava,
|c 2020
|
| 300 |
|
|
|a 19 stran :
|b barevné ilustrace, mapy ;
|c 21 cm
|
| 336 |
|
|
|a text
|b txt
|2 rdacontent
|
| 337 |
|
|
|a bez média
|b n
|2 rdamedia
|
| 338 |
|
|
|a svazek
|b nc
|2 rdacarrier
|
| 500 |
|
|
|a "Study programme: Geodesy, cartography and geoinformatics, field of study: Geoinformatics"
|
| 500 |
|
|
|a 30 výtisků
|
| 502 |
|
|
|a Teze disertační práce (Ph.D.)--Vysoká škola báňská - Technická univerzita Ostrava, Hornicko geologická fakulta, katedra geoinformatiky, 2020
|
| 504 |
|
|
|a Obsahuje bibliografii
|
| 650 |
0 |
7 |
|a znečištění ovzduší
|7 ph127659
|2 czenas
|
| 650 |
0 |
7 |
|a matematické modelování
|7 ph115240
|2 czenas
|
| 650 |
0 |
7 |
|a biomonitoring
|7 ph180746
|2 czenas
|
| 650 |
0 |
7 |
|a bezpilotní letecké prostředky
|7 ph785847
|2 czenas
|
| 650 |
0 |
9 |
|a air pollution
|2 eczenas
|
| 650 |
0 |
9 |
|a mathematical modeling
|2 eczenas
|
| 650 |
0 |
9 |
|a biomonitoring
|2 eczenas
|
| 650 |
0 |
9 |
|a unmanned aerial vehicles
|2 eczenas
|
| 655 |
|
7 |
|a disertace
|7 fd132024
|2 czenas
|
| 655 |
|
7 |
|a teze
|7 fd133701
|2 czenas
|
| 655 |
|
9 |
|a dissertations
|2 eczenas
|
| 655 |
|
9 |
|a abstracts
|2 eczenas
|
| 710 |
2 |
|
|a Vysoká škola báňská - Technická univerzita Ostrava.
|b Katedra geoinformatiky
|7 ko20201068037
|4 isb
|
| 910 |
2 |
|
|a BOA001
|b 2-1459.434
|
| 928 |
9 |
|
|a Vysoká škola báňská - Technická univerzita Ostrava
|
| 990 |
|
|
|a BK
|
| 995 |
|
|
|a 01
|
| 991 |
|
|
|b 202104
|c NOV
|
| 996 |
6 |
|
|b 2610854523
|c 2-1459.434
|l MZK
|r Sklad / do 1 hodiny
|n 0
|p p.v.
|w 001841576
|u 000010
|a 1
|e BOA001
|j MZK50
|s P
|